| 000 | 01638cam a22004694i 4500 | ||
|---|---|---|---|
| 003 | PE-LiUPU | ||
| 005 | 20250731173358.0 | ||
| 008 | 150706s r 000 0 d | ||
| 020 | _a9788461241767 | ||
| 035 | _a(Sirsi) i9788461241767 | ||
| 040 |
_aPE-LiUPU _bspa _cPE-LiUPU _erda |
||
| 049 | _aPRUA | ||
| 082 | 0 | 4 |
_a222 _bOTT _221 |
| 100 | 1 |
_aOuro, Roberto, _eautor. |
|
| 245 | 1 | 0 |
_aOld Testament theology : the canonical key. Volume 1 : _bPentateuch/Torah / _cRoberto Ouro. |
| 264 | 1 |
_aZaragoza : _bLusar Reprográficas, _c2008. |
|
| 300 |
_a406 páginas ; _c24centímetros |
||
| 336 |
_atext _2rdacontent |
||
| 337 |
_aunmediated _2rdamedia |
||
| 338 |
_avolume _2rdacarrier |
||
| 504 | _aIncluye Bibliografía. | ||
| 505 | 0 | _aThe sanctuary: the canonical key of the old testament -- The sanctuay in the pentateuch/ torah. | |
| 526 | _aSEG42 | ||
| 526 | _aSEG41 | ||
| 526 | _aSEG40 | ||
| 526 | _aSEG39 | ||
| 526 | _aP94 | ||
| 526 | _aP87 | ||
| 526 | _aP86 | ||
| 526 | _aP85 | ||
| 526 | _aP77 | ||
| 526 | _aP76 | ||
| 526 | _aP35 | ||
| 541 | _g4919118064961297; | ||
| 630 |
_aBiblia _xTEOLOGIA. _96082 |
||
| 910 |
_agl _bjck _d20101222 |
||
| 942 |
_2ddc _cBOOK |
||
| 949 |
_a222 OTT 1 _wDEWEY _c1 _i62443 _lCCODEBUL1 _mBUL _p42.00 _r0 _sY _tBOOK _u2015-7-6 _xTEOLOGIA _PP35 _0COMPRA _o.STAFF. Colección General |
||
| 994 |
_aC0 _bPEPRU |
||
| 596 | _a1 | ||
| 999 |
_a222 OTT 1 _wDEWEY _c51478 _i62443 _d51478 _e2019-1-23 _f2021-11-9 _g5 _lCCODEBUL1 _mBUL _n1 _p42.00 _q2 _r0 _sY _tBOOK _u2015-7-6 _xTEOLOGIA _PP35 _0COMPRA _o.STAFF. Colección General |
||
| 980 |
_81 _gALBERTO SANCHEZ Responsable de Automatización |
||